Yüklüyor......
Soordas/
| Yazar: | |
|---|---|
| Materyal Türü: | Printed Book |
| Baskı/Yayın Bilgisi: |
Kanpur:
Chinthan Prakashan,
2009.
|
| LEADER | 00347 a2200109 4500 | ||
|---|---|---|---|
| 100 | |a Ram Chandra Shukla | ||
| 245 | |a Soordas/ |c Ram Chandra Shukla | ||
| 260 | |a Kanpur: |b Chinthan Prakashan, |c 2009. | ||
| 300 | |a 152p. | ||
| 942 | |2 ddc |c BK | ||
| 999 | |c 237762 |d 237762 | ||
| 952 | |0 0 |1 0 |4 0 |7 0 |9 264015 |a HIN |b HIN |c ST1 |d 2011-06-15 |i 21467 |l 0 |p HIN21467 |r 2014-02-07 |w 2014-02-07 |y BK | ||